Sing a song to Jenny next /

Bibliographic Details
Main Author: Gardella, Lawrence, -1981
Format: Book
Language:English
Published: New York : Dutton, [1981]
Edition:1st ed.
Subjects:

MARC

Tag First Indicator Second Indicator Subfields
LEADER 00000pam a2200000 a 4500
001 in00000081149
005 20151008055427.0
008 810504s1981 nyua 00010aeng
010 |a  81007788  
020 |a 0525204628 :  |c $13.50 
035 |a (OCoLC)07554901 
035 |9 AAJ3434AM 
039 0 |a 2  |b 3  |c 3  |d 3  |e 3 
040 |a DLC  |c DLC  |d TXA  |d UtOrBLW 
043 |a a-cc---  |a n-us--- 
049 |a TXAM  |c [1387498] 
050 0 0 |a DS921.6  |b .G37 1981 
082 0 |a 951.9/042  |2 19 
100 1 |a Gardella, Lawrence,  |d -1981. 
245 1 0 |a Sing a song to Jenny next /  |c Lawrence Gardella. 
250 |a 1st ed. 
264 1 |a New York :  |b Dutton,  |c [1981] 
264 4 |c ©1981 
300 |a viii, 246 pages :  |b illustrations ;  |c 24 cm. 
336 |a text  |b txt  |2 rdacontent 
337 |a unmediated  |b n  |2 rdamedia 
338 |a volume  |b nc  |2 rdacarrier 
600 1 0 |a Gardella, Lawrence,  |d -1981. 
650 0 |a Korean War, 1950-1953  |v Personal narratives, American. 
650 0 |a Spies  |z United States  |v Biography. 
650 0 |a Korean War, 1950-1953  |x Secret service  |z China  |z Manchuria. 
999 |a MARS 
999 f f |s 708099c1-97ec-3cb0-9a10-66c08fb93a19  |i 7936b20f-2e50-3335-8bd5-8452af835432  |t 0 
952 f f |p ric  |a Texas A&M University  |b Rellis Campus  |c Joint Library Facility  |d Remote Storage  |t 0  |e DS921.6 .G37 1981  |h Library of Congress classification  |i unmediated -- volume  |m A14806102823 
998 f f |a DS921.6 .G37 1981  |t 0  |l Remote Storage